Biografía del silencio / (Registro nro. 19781)
[ vista simple ]
| 000 -CABECERA | |
|---|---|
| campo de control de longitud fija | 00433nam a2200145 u 4500 |
| 001 - NÚMERO DE CONTROL | |
| campo de control | 000020277 |
| 005 - FECHA Y HORA DE LA ÚLTIMA TRANSACCIÓN | |
| campo de control | 20200929170338.0 |
| 008 - DATOS DE LONGITUD FIJA--INFORMACIÓN GENERAL | |
| campo de control de longitud fija | 100802s20uu dr r 000 0 spa d |
| 040 ## - FUENTE DE LA CATALOGACIÓN | |
| Centro catalogador/agencia de origen | DO-SdBNP |
| Lengua de catalogación | spa |
| Centro/agencia transcriptor | BNPHU |
| 082 ## - NÚMERO DE LA CLASIFICACIÓN DECIMAL DEWEY | |
| Número de clasificación | xxxx |
| Número de documento/Ítem | xxxx |
| 100 1# - ENTRADA PRINCIPAL--NOMBRE DE PERSONA | |
| Nombre de persona | Jiménez Collie, Desirée |
| Fechas asociadas al nombre | 1965- |
| 9 (RLIN) | 42907 |
| 245 10 - MENCIÓN DE TÍTULO | |
| Título | Biografía del silencio / |
| Mención de responsabilidad, etc. | Desirée Jiménez collie. |
| 260 ## - PUBLICACIÓN, DISTRIBUCIÓN, ETC. | |
| Lugar de publicación, distribución, etc. | [Santo Domingo] : |
| Nombre del editor, distribuidor, etc. | Kamar, |
| Fecha de publicación, distribución, etc. | [20--]. |
| 300 ## - DESCRIPCIÓN FÍSICA | |
| Extensión | 53 p. : ; |
| Dimensiones | 23 cm. |
| Estado de retiro | Estado de pérdida | No para préstamo | Código de colección | Localización permanente | Ubicación/localización actual | Ubicación en estantería | Fecha de adquisición | Número de inventario | Total de préstamos | Signatura topográfica completa | Código de barras | Fecha visto por última vez | Precio válido a partir de | Tipo de ítem Koha |
|---|---|---|---|---|---|---|---|---|---|---|---|---|---|---|
| Excluido de préstamo | Patrimonio Dominicano | Patrimonio Dominicano | Patrimonio Dominicano | Depósito | 17.02.2017 | LF1 | xxxx xxxx | 20277-10 | 25.06.2020 | 25.06.2020 | Libro y Folleto Colección Patrimonio Dominicano |
